The last 10 winners of the UEFA champions league - Statistics

General Stats
  • This quiz has been taken 2,268 times
  • The average score is 9 of 10
Answer Stats
Hint Answer % Correct
2010/11 FC Barcelona
95%
2008/09 FC Barcelona
95%
2005/06 FC Barcelona
95%
2011/12 Chelsea FC
91%
2006/07 AC Milan
88%
2002/03 AC Milan
88%
2009/10 Internazionale
85%
2004/05 Liverpool
83%
2007/08 Manchester United
81%
2003/04 FC Porto
76%
No matching quizzes found
Score Distribution
Percent of People with Each Score
Percentile by Number Answered
Your Score History
You have not taken this quiz